LEADER 01174cam a22002774a 4500 001 000000118581 003 CaOOAMICUS 005 20091204122440.0 008 091204t2006 it b 000 0 ita r 020 $a88-420-8094-2 040 $aPUL$bita$dReb 100 1 $aDover, Kenneth James.$0(OLS)http://pul/name/15931 245 12$aL'amore in Grecia /$cK. J. Dover [et al.] ; a cura di Claude Calame. 260 $aRoma ;$aBari :$bLaterza,$c©2006. 300 $axl, 310 p. ;$c21 cm. 490 1 $aEconomica Laterza ;$v405 504 $aNote e bibliografia p. [277]-305. 650 4$aGrecia antica$xAmore$xCiviltà.$0(OLS)http://pul/subject/36020 700 1 $aCalame, Claude,$d1943-$0(OLS)http://pul/name/74079 830 0$aEconomica Laterza ;$v405.$0(OLS)http://pul/title/39309 850 $aPUL 852 $aPUL$W1$xSL Diritto e Scienze Sociali 3$y79$m306. 7 CALCL 1$j136050$qDDC 21$B135038$CPULBib$Z2$F135038 $H111766 $82 941 1 $a9 996 $6020$a88-420-8094-2$9(OLS)http://pul/number/142668 996 $6245$aL'amore in Grecia$9(OLS)http://pul/title/149231 996 $6260$aRoma ;$aBari :$bLaterza$9(OLS)http://pul/publisher/57682 LEADER 01274nam a2200277 u 4500 001 000000059138 003 CaOOAMICUS 005 20070226120752.0 008 010622s1989 it u000 u ita u 035 $a10893650 040 $aPUL(R)$bita 245 03$aIl conflitto delle ermeneutiche /$cC. Sini ... [et al.] ; a cura di A. Molinaro. 260 $aRoma :$bHerder :$bUniversità Lateranense,$c1989. 300 $a136 p. :$b23 cm 490 1 $aPontificia Università Lateranense. Pubblicazioni della Facoltà di filosofia. Collana "Dialogo di filosofia" ;$v5 504 $aBibliografia in nota. 650 4$aErmeneutica.$0(OLS)http://pul/subject/438 700 1 $aMolinaro, Aniceto,$csac.,$d1936-2011.$0(OLS)http://pul/name/621 700 1 $aSini, Carlo,$d1933-$0(OLS)http://pul/name/35208 830 0$aDialogo di filosofia (Herder - Pontificia Università Lateranense) ;$v5.$0(OLS)http://pul/title/754 850 $aPUL 852 $aPUL$W1$xSL Filosofia 2$y80$mPhil A18 5$j77165$nBK-PRI$b $qStampati altre collocazioni$B77165$CPULBib$Z2$F77165 $81 941 1 $a10 961 $aINV: 61556 996 $6245$aIl conflitto delle ermeneutiche$9(OLS)http://pul/title/79210 996 $6260$aRoma :$bHerder :$bUniversità Lateranense$9(OLS)http://pul/publisher/48188